[Event "GCT 2025 - Superbet Chess Classic"]
[Site "Bucarest"]
[Date "16.05.2025"]
[Round "9"]
[White "Praggnanandhaa, Rameshbabu"]
[Black "Aronian, Levon"]
[Result "1/2-1/2"]
[WhiteTitle "GM"]
[BlackTitle "GM"]
[WhiteElo "2758"]
[BlackElo "2747"]
[WhiteFideId "25059530"]
[BlackFideId "13300474"]
[EventDate "2025.05.07"]

1. e4 e6 2. d4 d5 3. Nd2 c5 4. exd5 Qxd5 5. Ngf3 cxd4 6. Bc4 Qd7 7. O-O Nc6 8.
Nb3 a6 9. Nbxd4 Nxd4 10. Qxd4 Qxd4 11. Nxd4 Bd7 12. Be2 O-O-O 13. Be3 Bd6 14. c4
Ne7 15. Rfd1 Bc7 16. a4 a5 17. Nb5 Bxb5 18. cxb5 Rxd1+ 19. Rxd1 b6 20. Bd4 e5
21. Bc3 Rd8 22. Rxd8+ Kxd8 23. Bc4 f6 24. b4 axb4 25. Bxb4 Kd7 26. Kf1 Bd6 27.
Bd2 Bc5 28. Ke2 Nf5 29. f3 Kd6 30. Bg8 h6 31. Be1 Ne3 32. g4 Nc2 33. Bc3 Nd4+
34. Bxd4 exd4 35. f4 g5 36. fxg5 fxg5 37. Bh7 Ke5 38. Kf3 Bb4 39. h3 Ba5 40. Bg6
Bb4 41. Bh7 Ba5 42. Bg6 Bb4 43. Bh7 Ba5 1/2-1/2

[Event "GCT 2025 - Superbet Chess Classic"]
[Site "Bucarest"]
[Date "16.05.2025"]
[Round "9"]
[White "Deac, Bogdan-Daniel"]
[Black "Firouzja, Alireza"]
[Result "0-1"]
[WhiteTitle "GM"]
[BlackTitle "GM"]
[WhiteElo "2668"]
[BlackElo "2757"]
[WhiteFideId "1226380"]
[BlackFideId "12573981"]
[EventDate "2025.05.07"]

1. d4 Nf6 2. c4 g6 3. Nc3 Bg7 4. e4 d6 5. Be2 O-O 6. Nf3 Na6 7. O-O e5 8. Be3
Ng4 9. Bg5 f6 10. Bc1 Nh6 11. Rb1 Nf7 12. b4 c6 13. dxe5 fxe5 14. c5 dxc5 15.
Bxa6 bxa6 16. bxc5 Qf6 17. Qa4 Bg4 18. Ne1 Rac8 19. Be3 Rc7 20. Qxa6 Ng5 21. f3
Bc8 22. Qc4+ Be6 23. Qe2 Bf7 24. Rd1 Ne6 25. Qa6 Nd4 26. Rf2 Rd8 27. Rfd2 Rcd7
28. Ne2 Bf8 29. Bxd4 exd4 30. Nd3 Re7 31. Qa5 Rdd7 32. Kh1 Bh6 33. Rb2 Be3 34.
Qa6 h5 35. e5 Qe6 36. Ng3 h4 37. Ne4 h3 38. Nf6+ Kg7 39. Nxd7 Qxd7 40. Rf1 hxg2+
41. Rxg2 Qf5 42. Rg3 g5 43. Kg2 Bd5 44. h4 Qe6 45. Qa3 a5 46. hxg5 Qf5 47. g6
Rb7 48. Re1 Bc4 49. Rd1 Bxd3 50. Rxd3 Rb1 51. Rxe3 Qh5 52. Rh3 Qg5+ 53. Rg3 Qxe3
54. Qxe3 dxe3 0-1

[Event "GCT 2025 - Superbet Chess Classic - Tie Break"]
[Site "Bucarest"]
[Date "16.05.2025"]
[Round "TB1"]
[White "Firouzja, Alireza"]
[Black "Praggnanandhaa, Rameshbabu"]
[Result "1/2-1/2"]
[WhiteTitle "GM"]
[BlackTitle "GM"]
[WhiteElo "2757"]
[BlackElo "2758"]
[WhiteFideId "12573981"]
[BlackFideId "25059530"]
[EventDate "2025.05.16"]

1. e4 e5 2. Nf3 Nc6 3. Bc4 Bc5 4. c3 Nf6 5. d3 a6 6. Bg5 Ba7 7. Nbd2 d6 8. a4 h6
9. Bh4 Ne7 10. Bxf6 gxf6 11. O-O Ng6 12. d4 c6 13. Re1 h5 14. Nf1 h4 15. Ne3 Nf4
16. Qb3 Qe7 17. a5 Kf8 18. Rad1 Rb8 19. Qa3 Rh6 20. g3 hxg3 21. hxg3 Nh3+ 22.
Kg2 Kg7 23. Nh4 Rxh4 24. gxh4 Nf4+ 25. Kf3 Kh7 26. dxe5 Bc5 27. exd6 Qe5 28. b4
Qh5+ 29. Kxf4 Qxh4+ 30. Kf3 Qh5+ 31. Kf4 Qg5+ 32. Kf3 Qh5+ 33. Kf4 Qh4+ 34. Kf3
Qh5+ 35. Kf4 Qg5+ 36. Kf3 Qh5+ 1/2-1/2

[Event "GCT 2025 - Superbet Chess Classic - Tie Break"]
[Site "Bucarest"]
[Date "16.05.2025"]
[Round "TB2"]
[White "Vachier-Lagrave, Maxime"]
[Black "Firouzja, Alireza"]
[Result "1/2-1/2"]
[WhiteTitle "GM"]
[BlackTitle "GM"]
[WhiteElo "2723"]
[BlackElo "2757"]
[WhiteFideId "623539"]
[BlackFideId "12573981"]
[EventDate "2025.05.16"]

1. e4 c6 2. d4 d5 3. Nd2 dxe4 4. Nxe4 Nf6 5. Nxf6+ exf6 6. c3 Bd6 7. Bd3 O-O 8.
Ne2 Re8 9. O-O Nd7 10. Ng3 Nf8 11. a4 a5 12. f4 c5 13. d5 Ng6 14. c4 Qc7 15. Qf3
Bd7 16. b3 Re7 17. Bd2 Rae8 18. Ne4 b6 19. Rae1 f5 20. Nxd6 Qxd6 21. Rxe7 Rxe7
22. Bc3 f6 23. Qf2 Nh8 24. Re1 Nf7 25. Rxe7 Qxe7 26. Qe1 Qxe1+ 27. Bxe1 Nd6 28.
Kf2 Kf7 29. Ke3 g6 30. Kf3 Ke7 31. Bc3 Kf7 32. Be1 Ke7 33. Bc3 Kf7 34. Be1 Ke7 1/2-1/2

[Event "GCT 2025 - Superbet Chess Classic - Tie Break"]
[Site "Bucarest"]
[Date "16.05.2025"]
[Round "TB3"]
[White "Praggnanandhaa, Rameshbabu"]
[Black "Vachier-Lagrave, Maxime"]
[Result "1-0"]
[WhiteTitle "GM"]
[BlackTitle "GM"]
[WhiteElo "2758"]
[BlackElo "2723"]
[WhiteFideId "25059530"]
[BlackFideId "623539"]
[EventDate "2025.05.16"]

1. Nf3 c5 2. c4 Nf6 3. Nc3 Nc6 4. d4 cxd4 5. Nxd4 e6 6. g3 Qb6 7. Ndb5 Ne5 8.
Bg2 a6 9. Na4 Qd8 10. Nd6+ Bxd6 11. Qxd6 Nxc4 12. Qc5 d5 13. b3 Bd7 14. bxc4
Bxa4 15. Qa3 Bc6 16. O-O Qe7 17. Qc3 d4 18. Bxc6+ bxc6 19. Qxd4 O-O 20. Bg5 c5
21. Bxf6 gxf6 22. Qg4+ Kh8 23. Rab1 Rfd8 24. Rb2 Rab8 25. Rfb1 Rd1+ 26. Rxd1
Rxb2 27. h4 f5 28. Qf4 Kg7 29. e4 fxe4 30. Qg4+ Kh8 31. Qxe4 Qf6 32. Qe3 Rxa2
33. Qxc5 Kg7 34. Qe3 Rc2 35. Rd4 h5 36. Kg2 a5 37. Rf4 Qc3 38. Qa7 1-0